| 000 | 00815 a2200193 4500 | ||
|---|---|---|---|
| 999 |
_c3361 _d3361 |
||
| 020 | _a9781780932378 (pbk.) | ||
| 050 | _aHC30 INT 2013 | ||
| 100 |
_aPapaioannou, Theo _eEditor |
||
| 245 |
_aInternational development in a changing world _cedited by Theo Papaioannou and Melissa Butcher |
||
| 264 |
_aLondon : _bBloomsbury Academic, _c2013 |
||
| 300 | _a348p. | ||
| 440 | _aInternational development | ||
| 500 | _a"This publication forms part of the Open University module TD223 International development : making sense of a changing world"--P. preceding t.p Includes bibliographical references and index | ||
| 650 |
_aEconomic development _xDeveloping countries |
||
| 650 | _aEconomic development | ||
| 650 | _aInternational relations | ||
| 700 |
_aButcher, Melissa, _eEditor |
||
| 942 |
_2lcc _cBK _h60 _iINT _kHC |
||